[Event "IRI-ch U16"]
[Site "Chess.com INT"]
[Date "2021.01.16"]
[Round "6"]
[White "Fazeli Ghazijahani, Ali"]
[Black "Rostami, Hossein"]
[Result "0-1"]
[WhiteElo "1607"]
[BlackElo "1998"]
[PlyCount "76"]
[EventDate "2021.01.16"]
[EventType "swiss"]
[EventRounds "11"]
[EventCountry "IRI"]
[SourceTitle "EXT 2022"]
[Source "ChessBase"]
[SourceDate "2021.10.06"]
[SourceVersion "1"]
[SourceVersionDate "2021.10.06"]
[SourceQuality "1"]

1. e4 c5 2. Nc3 g6 3. g3 Bg7 4. Bg2 Nc6 5. d3 e6 6. Be3 Nd4 7. Bxd4 cxd4 8. Nce2 Ne7 9. f4 d5 10. e5 Qb6 11. Qc1 Bd7 12. Nf3 Nc6 13. Rb1 Rc8 14. Qd2 0-0 15. b4 f6 16. 0-0 fxe5 17. fxe5 Nxe5 18. Nxe5 Bxe5 19. Qg5 Bg7 20. Nf4 Rxc2 21. Qe7 Qd8 22. Qxd8 Rxd8 23. Bh3 e5 24. Bxd7 Rxd7 25. Ne6 Bh6 26. Rf3 Re7 27. Nc5 b6 28. Nb3 Be3+ 29. Kh1 Rxa2 30. Rbf1 Ra3 31. Nc1 Bxc1 32. Rxc1 e4 33. Rf4 Rxd3 34. Rc8+ Kg7 35. Rf1 e3 36. Kg2 e2 37. Re1 Rd1 38. Rc1 Rxc1 0-1

[Event "IRI-ch U16"]
[Site "Chess.com INT"]
[Date "2021.01.16"]
[Round "1"]
[White "Rostami, Hossein"]
[Black "Amini, Mohammadreza"]
[Result "1-0"]
[WhiteElo "1998"]
[BlackElo "1377"]
[PlyCount "105"]
[EventDate "2021.01.16"]
[EventType "swiss"]
[EventRounds "11"]
[EventCountry "IRI"]
[SourceTitle "EXT 2022"]
[Source "ChessBase"]
[SourceDate "2021.10.06"]
[SourceVersion "1"]
[SourceVersionDate "2021.10.06"]
[SourceQuality "1"]

1. e4 e6 2. b3 d5 3. Bb2 Nf6 4. e5 Nfd7 5. f4 c5 6. Nf3 Nc6 7. Be2 Be7 8. 0-0 0-0 9. d3 f6 10. exf6 Bxf6 11. Nc3 Bxc3 12. Bxc3 d4 13. Bd2 e5 14. Ng5 Nf6 15. f5 h6 16. Ne4 Nxe4 17. dxe4 Qh4 18. Qe1 Qxe1 19. Raxe1 a6 20. a4 Bd7 21. g4 Nb4 22. Bd1 Bc6 23. Rf3 Rad8 24. Rf2 d3 25. Be3 b6 26. c3 Nc2 27. Bxc2 dxc2 28. Rxc2 Bxe4 29. Rf2 Bb7 30. b4 cxb4 31. Bxb6 bxc3 32. Bxd8 Rxd8 33. Rc1 Rd4 34. h3 Rxa4 35. Rxc3 Ra1+ 36. Kh2 a5 37. Rb2 Rh1+ 38. Kg3 Be4 39. Rc4 Bd5 40. Rc5 Bf7 41. Rxa5 e4 42. Rb7 e3 43. Ra8+ Kh7 44. Re7 Bd5 45. Raa7 Rg1+ 46. Kh4 Re1 47. Rxg7+ Kh8 48. Rge7 e2 49. Re8+ Bg8 50. Rae7 h5 51. Rxe2 Rxe2 52. Rxe2 hxg4 53. hxg4 1-0

[Event "IRI-ch U16"]
[Site "Chess.com INT"]
[Date "2021.01.16"]
[Round "3"]
[White "Rostami, Hossein"]
[Black "Malekzadeh, Mohammad"]
[Result "0-1"]
[WhiteElo "1998"]
[BlackElo "1752"]
[PlyCount "142"]
[EventDate "2021.01.16"]
[EventType "swiss"]
[EventRounds "11"]
[EventCountry "IRI"]
[SourceTitle "EXT 2022"]
[Source "ChessBase"]
[SourceDate "2021.10.06"]
[SourceVersion "1"]
[SourceVersionDate "2021.10.06"]
[SourceQuality "1"]

1. e4 c6 2. d4 d5 3. Nd2 dxe4 4. Nxe4 Bf5 5. Ng3 Bg6 6. h4 h6 7. Nf3 Nd7 8. h5 Bh7 9. Bd3 Bxd3 10. Qxd3 Ngf6 11. Bd2 Qc7 12. 0-0-0 0-0-0 13. Ne4 e6 14. g3 Nxe4 15. Qxe4 Nf6 16. Qe2 Bd6 17. c4 c5 18. Bc3 cxd4 19. Nxd4 a6 20. Kb1 Bc5 21. Nb3 Qc6 22. Ba5 b6 23. Nxc5 Qxc5 24. Bc3 Rxd1+ 25. Rxd1 Rd8 26. Rxd8+ Kxd8 27. Bxf6+ gxf6 28. a3 Ke7 29. Ka2 a5 30. f3 Qxh5 31. Qe3 Qc5 32. Qe4 f5 33. Qd3 Qd6 34. Qe3 e5 35. g4 fxg4 36. fxg4 Qd4 37. Qxh6 Qxc4+ 38. Ka1 Qxg4 39. Qxb6 a4 40. Qc7+ Kf6 41. Qd6+ Qe6 42. Qd8+ Kg6 43. Qg8+ Kf5 44. Qh7+ Qg6 45. Qh3+ Qg4 46. Qh7+ Ke6 47. Qh1 e4 48. Qh6+ f6 49. Qe3 Kf5 50. b4 axb3 51. Qxb3 Qg1+ 52. Kb2 Qf2+ 53. Kc1 e3 54. Qd5+ Kg4 55. Qe4+ Kg3 56. Qg6+ Kh2 57. Qh6+ Kg1 58. Qg6+ Kf1 59. Qd3+ e2 60. Qh3+ Kg1 61. Qg4+ Kh2 62. Qh5+ Kg3 63. Qg6+ Kh2 64. Qh5+ Kg1 65. Qg4+ Qg2 66. Qd4+ Kf1 67. Qxf6+ Qf2 68. Qa6 Qc5+ 69. Kd2 Qd4+ 70. Kc2 Kf2 71. Qf6+ Qxf6 0-1

[Event "Rasht Khazar op 18th"]
[Site "Rasht"]
[Date "2020.02.13"]
[Round "1"]
[White "Rostami, Hossein"]
[Black "Evdokimov, Alexander A"]
[Result "1/2-1/2"]
[WhiteElo "1870"]
[BlackElo "2490"]
[PlyCount "80"]
[EventDate "2020.02.13"]
[EventType "swiss"]
[EventRounds "9"]
[EventCountry "IRI"]
[SourceTitle "CBM 195 Extra"]
[Source "ChessBase"]
[SourceDate "2020.05.31"]
[SourceVersion "1"]
[SourceVersionDate "2020.05.31"]
[SourceQuality "1"]

1. e4 c5 2. Nf3 e6 3. d3 d5 4. Qe2 Nf6 5. g3 Nc6 6. Bg2 Be7 7. 0-0 b6 8. Re1 Bb7 9. e5 Nd7 10. c4 d4 11. h4 h6 12. h5 Qc7 13. Bf4 Nf8 14. g4 g6 15. Nbd2 0-0-0 16. a3 gxh5 17. gxh5 Rg8 18. Bg3 Nd7 19. Kh2 Rg4 20. Bh3 Rg7 21. Rg1 Rdg8 22. Bf4 f5 23. Bxh6 Ncxe5 24. Nxe5 Nxe5 25. f4 Rxg1 26. Rxg1 Rxg1 27. Kxg1 Qc6 28. Bg2 Qxg2+ 29. Qxg2 Bxg2 30. fxe5 Bc6 31. Bg7 Be8 32. h6 Bg6 33. Bf6 Bf8 34. Bg7 Be7 35. Bf6 Bf8 36. Bg7 Be7 37. Bf6 Bf8 38. Bg7 Be7 39. Bf6 Bf8 40. Bg7 Be7 1/2-1/2